Microeconomics / Daron Acemoglu, David Liabson, John A. List.-- (Record no. 22140)

000 -LEADER
fixed length control field 01221nam a22001937a 4500
020 ## - INTERNATIONAL STANDARD BOOK NUMBER
ISBN 9780135798614
082 ## - DEWEY DECIMAL CLASSIFICATION NUMBER
Classification number 338.5
Item number Ac173m 2022
100 ## - MAIN ENTRY--AUTHOR NAME
Personal name Acemoglu, Daron, author.
245 ## - TITLE STATEMENT
Title Microeconomics / Daron Acemoglu, David Liabson, John A. List.--
250 ## - EDITION STATEMENT
Edition statement Third Edition.--
260 ## - PUBLICATION, DISTRIBUTION, ETC. (IMPRINT)
Place of publication New York, NY :
Name of publisher Pearson,
Year of publication 2022.
300 ## - PHYSICAL DESCRIPTION
Number of Pages 1 online resource, xvii, 473 pages :
Other physical details color illustrations.
500 ## - GENERAL NOTE
General note Includes bibliographic references an index.
520 ## - SUMMARY, ETC.
Summary, etc Many students who take introductory economics courses have difficulty seeing the relevance of the key concepts of opportunity cost,
trade-offs, scarcity, and demand and supply to their lives and their careers. This reduces the willingness of many students to prepare for class
and to be engaged during class. With this textbook, we show them how to apply economic thinking creatively to improve their work, their
choices, and their daily lives. One of our main objectives in writing this textbook was to show that the fundamentals of economics are not just
exciting but also alive with myriad personal applications.
650 ## - SUBJECT ADDED ENTRY--TOPICAL TERM
Topical Term Economics
700 ## - ADDED ENTRY--PERSONAL NAME
Personal name Liabson, David, author.
700 ## - ADDED ENTRY--PERSONAL NAME
Personal name List, John A., author.
942 ## - ADDED ENTRY ELEMENTS (KOHA)
Koha item type Electronic Books
Holdings
Source of acquisition Permanent Location Date acquired Collection code Koha item type Lost status Shelving location Withdrawn status Current Location Full call number
DonationCagayan State University - Carig Library2026-04-14E-BooksElectronic Books E-Resource Section Cagayan State University - Carig Library338.5 Ac173m 2022

Cagayan State University University Library, Carig Campus
Tuguegarao City, Cagayan 3500 | www.csucarig.edu.ph

Powered by Koha